000 00690nam a22001937a 4500
005 20130514122700.0
010 _aB-505180-209
020 _a9780194312509
_c545.00
035 _aB-505180-209
037 _bUBH/Ven
082 _a485
100 _aSwan, Michael
245 _aOxford English Grammar Course Advanced :
_ba grammar practice book for advanced students od English /
_cby Michael Swan & Catherine Walter
260 _bOxford University Press
_cc2011
300 _axiii, 348p.
_bill.
_c26cm(pbk)
500 _aIt include index
942 _2ddc
_cEN
_mSWA
_h485
999 _c74301
_d74301